000 00412nam a2200145Ia 4500
008 100415s9999 xx 000 0 und d
082 _b37
_a599.735
100 _aFrick C
245 _aHorned ruminants of North Africa
260 _aNEW YORK
_c1937
_bAMERICAN MUSUEM OF NATURAL HIS
365 _b0
630 _aHorned ruminants of North Africa
730 _aHorned ruminants of North Africa
942 _cBOOK
999 _c583128
_d583125